000 00867nam a2200217Ia 4500
999 _c39884
_d39884
001 6489
003 GE_BSU
005 20190624162415.0
008 181216s1983||||ge |||||||||||||| ||geo||
041 _ageo
080 _a621.313.(075.8) ლ-81
100 _aლომთაძე, ვ.
_92842
245 _aელექტრული მანქანები.ნა : IV : დამხმ. სახელმძღვ. /
_cვ. ლომინაძე ; რედ : მ.ძიძიგური.
264 _aთბილისი :
_bსპი,
_c1983.
300 _a103 გვ .:
_c20 სმ.
504 _aბიბლიოგრ.:გვ.129-130
653 _aელექტრული მანქანები
653 _aტექნიკა
700 _aძიძიგური, მ
_eრედაქტორი
_9472
942 _cBK
_2udc